Loading...
The flounder
| Main Author: | |
|---|---|
| Format: | Printed Book |
| Published: |
London
Minerva
1997
|
| Subjects: |
| LEADER | 00411cam a2200145ua 4500 | ||
|---|---|---|---|
| 020 | |a 0-7493-9485-4 | ||
| 082 | |a 833.9 |b GRA/F | ||
| 100 | |a Grass, Gunter | ||
| 245 | 1 | 0 | |a The flounder |
| 260 | |a London |b Minerva |c 1997 | ||
| 300 | |a xi,547p. | ||
| 650 | 0 | |a German literature | |
| 942 | |c BK | ||
| 999 | |c 1038 |d 1038 | ||
| 952 | |0 0 |1 0 |4 0 |6 833_900000000000000_GRAT |7 0 |9 1086 |a KUCL |b KUCL |d 2014-05-23 |l 0 |o 833.9 GRA/T |p 04151 |r 2014-05-23 |y BK | ||